Sanat - "Jouluaamuna aikaisin" - Statistics

Yleistilastot
  • Tätä visaa on pelattu 17 kertaa
  • Keskiarvotulos 52 / 66
Vastaustilastot
Vastaus % Oikein
aikaisin
100%
jo
100%
Jouluaamuna
100%
Jouluaamuna
100%
on
100%
on
100%
on
100%
Jumalan
89%
Jumalan
89%
Jumalan
89%
katso
89%
katso
89%
katso
89%
katso
89%
katso
89%
katso
89%
89%
89%
89%
tähdet
89%
taivaan
89%
alla
78%
antaa
78%
jaksat
78%
jaksat
78%
jaksat
78%
kauneutta
78%
kauneutta
78%
kauneutta
78%
kuuluu
78%
kuuluu
78%
laulaa
78%
maailmaa
78%
maailmaa
78%
maailmaa
78%
meidän
78%
onnentoivotus
78%
rakkautta
78%
rakkautta
78%
rakkautta
78%
täällä
78%
täällä
78%
täällä
78%
täällä
78%
täällä
78%
täällä
78%
vaeltaa
78%
vaeltaa
78%
vaeltaa
78%
ihmislapset
67%
jänökin
67%
juhlakuoroon
67%
kirkkoihin
67%
kohta
67%
kuusen
67%
liittyy
67%
luontokin
67%
puhtauttaan
67%
saapuu
67%
välkkyy
67%
varhaisin
67%
aamuna
56%
enkellaulu
56%
Joulun
56%
hartaisiin
44%
mielihin
44%
Ehtoja vastaavia visoja ei löytynyt
Tulosjakauma
Jokaisen tuloksen saaneiden osuus
Persentiili vastausten määrän mukaan
Tuloshistoriasi
Et ole pelannut tätä visaa